Principles of communication engineering /

Λεπτομέρειες βιβλιογραφικής εγγραφής
Κύριος συγγραφέας: Wozencraft, John M.
Άλλοι συγγραφείς: Jacobs, Irwin Mark (joint author.)
Μορφή: Βιβλίο
Γλώσσα:English
Έκδοση: New York : Wiley, 1965.
Θέματα:
Classic Catalogue: View this record in Classic Catalogue
LEADER 01369nam a2200265 a 4500
001 0020222
003 BD-DhAAL
008 100516s1965 nyua b 001 0 eng d
010 |a \\\65016429  
040 |a DLC  |c OTU  |d OCoLC  |d FrCoUT  |d Uk  |d DLC  |d BD-DhAAL 
082 |a 621.38 
100 1 |a Wozencraft, John M.  |9 58921 
245 1 0 |a Principles of communication engineering /  |c John M. Wozencraft and Irwin Mark Jacobs. 
260 |a New York :  |b Wiley,  |c 1965. 
300 |a xv, 720 p. :  |b illus. ;  |c 24 cm 
504 |a Includes bibliographical references and index.  
526 |a EEE  |x Md Sayeed Salam Department of Electrical and Electronic Engineering BRAC University Course Name : Advanced Digital Communications (EEE 520) 
541 1 |e 0020222  |a Trim Education 
650 0 |a Telecommunication. 
650 0 |a Statistical communication theory.  |9 41730 
700 1 |a Jacobs, Irwin Mark,  |e joint author.  |9 58922 
852 4 |a Ayesha Abed Library  |c General Stacks 
942 |2 ddc  |c BK 
999 |c 8586  |d 8586 
952 |0 0  |1 0  |2 ddc  |4 0  |6 621_380000000000000_WOZ_1965  |7 0  |9 10224  |a BRACUL  |b BRACUL  |c GEN  |d 2010-05-16  |e Trim Education  |g 5000.00  |l 1  |o 621.38 WOZ  |p 3010020222  |r 2010-09-02  |s 2010-09-02  |t 1  |v 10000.00  |w 2010-05-16  |y BK  |x Requisitioned by Md Sayeed Salam (Department of Electrical and Electronic Engineering, BRAC University) for the course named- "Advanced Digital Communications (EEE 520)"